Statistics for California Earthquakes

Click here to take the quiz!

General Stats

  • This quiz has been taken 61 times
  • The average score is 4 of 17

Answer Stats

YearRichter ScaleAnswer% Correct
19067.8San Francisco
93%
19946.7Northridge
60%
19897.2Loma Prieta
51%
20075.5Alum Rock
40%
19336.4Long Beach
33%
20146.0South Napa
33%
19716.5-6.7Sylmar
30%
19875.9Whittier Narrows
19%
19927.3Landers
16%
18577.9Fort Tejon
12%
20085.5Chino Hills
9%
19406.9El Centro
9%
19796.4Imperial Valley
9%
19527.3Kern County
7%
18126.9Wrightwood
7%
19927.2Cape Mendocino
2%
18727.5 - 7.9Lone Pine
2%

Score Distribution

Percentile by Number Answered

Percent of People with Each Score

Your Score History

You have not taken this quiz